Módulo para el uso del texto escolar.

Saved in:
Bibliographic Details
Corporate Authors: Unesco., Centro Regional para el Fomento del Libro en América Latina y el Caribe (CERLALC)
Format: Book
Language:Spanish
Published: Bogotá : 1993.
Textbook Catalogue:BNM:  Library Catalog Search Result
Textbook Classification:
Series:Módulos autoformativos
Subjects:
Tags: Add Tag
No Tags, Be the first to tag this record!
Added to:2013-08-29
Changed in:2022-01-17

MARC

LEADER 00000nam a22000001a 4500
003 AR-BaBNM
005 20220117170112.0
007 ta
008 130830s1993 ck 000 0 spa d
035 |a 000164413 
040 |a AR-BaBNM  |b spa 
080 |a 371.67 
245 0 0 |a Módulo para el uso del texto escolar. 
260 |a Bogotá :  |b UNESCO,  |c 1993. 
300 |a 74 p. 
490 0 |a Módulos autoformativos 
655 4 |a Libros de texto 
650 4 |a Bibliotecas escolares  |9 6795 
710 2 |a Unesco. 
710 1 |a Centro Regional para el Fomento del Libro en América Latina y el Caribe (CERLALC) 
942 |2 udc  |c LIBRO 
999 |c 156921  |d 156921 
999 |c KOHA-OAI-TEST:156921  |d 156921